000 00416nmm a2200157Ia 4500
008 251105s9999||||xx |||||||||||||||||und||
041 _aspa
100 _aDenison, Lyn
245 0 _aPalabras para ti
264 _a[Madrid, España] :
_bEditorial Egales,
_c2018
300 _a207 páginas
490 _aNarrativa
650 _aRomance
856 _uhttps://public.digitaliapublishing.com/a/169921
942 _cCF
999 _c100192
_d100192